| 000 | 00957nam0a22003011 4500 | ||
|---|---|---|---|
| 001 | rc\2273471 | ||
| 005 | 20250623035541.0 | ||
| 035 | _a(NLR Aleph) 006554014 | ||
| 090 |
_a6771485 _c6771485 |
||
| 100 | _a20110829d1979 |||y0rusy50 ca | ||
| 101 | 0 | _arus | |
| 102 | _aRU | ||
| 105 | _aa z ||||| | ||
| 200 | 1 | _aТеория инерциальных систем навигации | |
| 210 |
_aМосква _cНаука _d1979 |
||
| 215 |
_a294 с. _cил. _d21 |
||
| 320 | _aБиблиогр.: с. 290-291 (45 назв.) | ||
| 606 |
_aНавигационные системы, инерцнальные _2psbo |
||
| 686 |
_aО471.6-01,07 _2rubbk |
||
| 686 |
_aО571.6-01,07 _2rubbk |
||
| 700 | 1 |
_aБромберг _bП.В. _gПавел Владимирович |
|
| 801 | 0 |
_aRU _bNLR _gpsbo |
|
| 801 | 1 |
_aRU _bELAR _2rusmarc |
|
| 852 |
_aNLR _j79-5/5684 |
||
| 899 |
_aRuMoRGB _jБ 79-28/280 |
||
| 899 |
_aRuMoRGB _jБ 79-28/281 |
||
| 942 | _cBOOK | ||
| 980 | _aNB | ||